| 000 | 00637nam a2200241Ia 4500 | ||
|---|---|---|---|
| 008 | 171025s9999 xx 000 0 und d | ||
| 020 | _a9780070655720 | ||
| 050 | _a647.94 | ||
| 050 | _bAn562t 2008 | ||
| 100 | _aAndrews, Sudhir | ||
| 245 | _aTextbook of hotel housekeeping management & operations / | ||
| 245 | _cSudhir Andrews. | ||
| 250 | _aInternational edition. | ||
| 260 | _aPhilippines : | ||
| 260 | _bMcGraw Hill, | ||
| 260 | _c2008 | ||
| 300 | _axvii, 478 pages : | ||
| 300 | _billustrations ; | ||
| 300 | _c24cm. | ||
| 440 | _aThe McGraw-Hill Companies. | ||
| 650 | _aHotel housekeeping. | ||
| 700 | _aTitle. | ||
| 999 |
_c344580 _d344580 |
||